000
00268pam a2200121 a 4500
020
_c
041
_a
eng
100
_a
Johnson.M.L.
245
_a
A Dictionary Of Biology
_h
Textual Documents
260
_a
New York
_b
Penguin Books Ltd
300
_a
246p.
930
_a
15249
999
_c
92149
_d
92149